| 000 | 00612nam a2200169 i 4500 | ||
|---|---|---|---|
| 001 | 70241 | ||
| 003 | ES-MaACL | ||
| 005 | 20230906170749.0 | ||
| 007 | t| | ||
| 008 | 040720s1923 sp ||||1| spa d | ||
| 100 | 1 |
_aGarcía de Quevedo y Concellón, Eloy. _954494 |
|
| 245 | 1 | 0 |
_aInstituto General y Técnico de Burgos _b: memoria acerca de su estado en el curso académico de 1922-23 / _cEloy García de Quevedo y Concellón. |
| 260 |
_aBurgos : _b[s.n., _c1923] ( _fImprenta de Polo) |
||
| 300 | _a54 p. | ||
| 610 | 2 | 4 |
_aInstituto General y Técnico de Burgos- _vMemorias. _9144974 |
| 852 |
_aES-MaACL _j1662-F-12 |
||
| 999 |
_c70241 _d70241 |
||